| 000 | 13417nas1a22009491 4500 | ||
|---|---|---|---|
| 001 | RU\NLR\INFOCOMM31\1000068900 | ||
| 005 | 20250807185528.0 | ||
| 035 | _a(NLR Aleph) 002555106 | ||
| 090 |
_a948 _c948 |
||
| 100 | _a20250807 rusy50 | ||
| 101 | 0 | _arus | |
| 102 | _aRU | ||
| 110 | _azyu||||0|y0 | ||
| 200 | 1 | _aТруды Государственного института усовершенствования врачей | |
| 210 |
_aНовосибирск _cИзд-во Гос. ун-та усовершенствования врачей _d1931-1967 |
||
| 311 | _aВып.1(1931)-Т.26(1950) выходили совместно с Трудами Новосибирского медицинского института (шифры разные) | ||
| 430 | 1 | _12001#$aТруды Новосибирского государственного института усовершенствования врачей и Медицинского института | |
| 430 | 1 | _12001#$aТруды Государственного института для усовершенствования врачей в г. Томске | |
| 430 | 1 | _12001#$aТруды Новосибирского государственного института для усовершенствования врачей и Новосибирского государственного медицинского института | |
| 430 | 1 | _12001#$aТруды Государственного института для усовершенствования врачей в г. Новосибирске | |
| 430 | 1 | _12001#$aТруды Новосибирского государственного института усовершенствования врачей | |
| 430 | 1 | _12001#$aТруды Новосибирского института усовершенствования врачей и Мединститута | |
| 430 | 1 | _12001#$aСборник трудов Института усовершенствования врачей и Медицинского института | |
| 430 | 1 | _12001#$aТруды Новосибирского государственного института для усовершенствования врачей и Медицинского института | |
| 430 | 1 | _12001#$aСборник трудов | |
| 440 | 1 | _12001#$aТруды | |
| 440 | 1 | _12001#$aТруды ГИДУВа | |
| 488 | 1 | _12001#$aТруды Новосибирского медицинского института | |
| 710 | 0 | 2 |
_aНовокузнецкий институт усовершенствования врачей _4070 |
| 801 | 1 |
_aRU _bInfoComm _c20040525 |
|
| 801 | 0 |
_aRU _bNLR _gPSBO |
|
| 852 |
_aNLR _j32-19/150 |
||
| 852 |
_aNLR _j34-5/39 |
||
| 852 |
_aNLR _j34-5/812 |
||
| 852 |
_aNLR _j35-4/446 |
||
| 852 |
_aNLR _j35-3/667 |
||
| 852 |
_aNLR _bМд80 _jВ-7/5 |
||
| 852 |
_aNLR _bМД30 _jГ-3/14 |
||
| 852 |
_aNLR _jП16/270 |
||
| 942 | _cSE | ||
| 945 | _aРоссийская национальная библиотека | ||
| 980 | _aNB | ||
| 980 | _aBV | ||
| 980 | _aRUSPER | ||